00479nam a2200169Ia 4500008004100000041000800041082002500049100002000074245004200094260003500136300000800171365001600179700002600195710005800221906001100279999001900290230312s9999 xx 000 0 und d aeng a658b658/She/033360  aShejwalkar P.C. aPrinciples and Practice of Management c2009bEverest Publishing House a130 cRs.b235.00 aBhivpathakiD.9169959 aShejwalkar P.C., Ghanekar A. & Bhivpathaki D.9169960 b119.85 c130585d130585